000 00627cam a2200229 4500
001 J111975
008 000000n2001 000 0 eng u
035 _a(Sirsi) u111975
050 _a333.337
110 _aFPDSavills
_93625
245 _aReserch and development in Oxfordshire - Spring 2001
260 _aLondon
_bFPDSavill
_c2001
300 _a1 folded sheet ; 30cm.
650 _aSCIENCE PARKS
650 _aRESEARCH AND DEVELOPMENT
650 _aPROPERTY-COMMERCIAL PROPERTY
650 _aLABORATORIES
650 _aOXFORDSHIRE
650 _aOFFICES
690 _aPROPERTY-COMMERCIAL PROPERTY
942 _n0
999 _c101333
_d101333